La criminalidad de los gobernantes.

Enregistré dans:
Détails bibliographiques
Auteur principal: Díez-Picazo y Ponce de León, Luis María
Format: Livre
Langue:espagnol
Publié: Barcelona, España Crítica 2000
Édition:1a. ed
Collection:Biblioteca de Bolsillo. 21
Sujets:
Tags: Ajouter un tag
Pas de tags, Soyez le premier à ajouter un tag!

MARC

LEADER 00000cam a2200000 a 4500
001 UCL7087
003 CL-VaPUC
005 20211223074333.0
008 040430e20000000SP |||||||||||||||||spa|d
999 |c 308948  |d 308946 
020 |a 8484320170 
040 |c Pontificia Universidad Católica de Valparaíso 
082 0 4 |a 364.131 DIE 2000  |2 21 
100 0 |a Díez-Picazo y Ponce de León, Luis María  |9 484852 
245 1 3 |a La criminalidad de los gobernantes. 
250 |a 1a. ed 
260 0 3 |a Barcelona, España  |b Crítica  |c 2000 
300 |a 179 páginas 
490 0 |a Biblioteca de Bolsillo.  |v 21 
583 |a last modification  |c 20181003 05:45:47  |k Rodrigo Vera 
650 7 |a CRIMENES POLITICOS  |2 CL-VaPUC  |9 319844 
650 0 |a Abuso de poder  |9 324689 
650 0 |a Poder político  |9 255509 
650 0 |a Corrupción política  |9 376572 
942 |c BK  |2 ddc 
945 |d 20040430 00:00:00  |a cmena 
952 |0 0  |1 0  |2 ddc  |4 0  |6 364_131000000000000_DIE_2000  |7 0  |8 A  |9 375951  |a BIBHIS  |b BIBHIS  |d 2019-11-21  |i 4010957  |o 364.131 DIE 2000  |p 4010957  |r 2025-01-20  |t 2  |w 2019-11-21  |y BK  |k HIS 
952 |0 0  |1 0  |2 ddc  |3 erb  |4 0  |6 364_131000000000000_DIE_2000  |7 0  |8 A  |9 375952  |a BIBDER  |b BIBDER  |e Mateluna Arestizabal, Alfredo Sergio  |i 5489210  |l 1  |o 364.131 DIE 2000  |p 5489210  |r 2024-09-02  |s 2024-09-02  |t 1  |w 2019-11-21  |y BK  |z Catalogado en:20181005  |k DER